000 00601nam a2200205Ia 4500
999 _c47033
_d47033
001 13889
003 GE_BSU
005 20221124142949.0
008 181216s1981||||enk|||||||||||||| ||eng||
020 _a0706412478x
040 _cGE_BSU
080 _a636.7 E-51
245 _aEncyclopedia of the dog.
_cGeneral Editor Richard Marples; American consultant John Mandeville
264 _a London:
_bFirst published,
_c1981.
300 _a192 p;
_b30 cm.
300 _bill.
653 _aEncyclopedia of the dog.
653 _aძაღლის ენციკლოპედია
942 _cBK
_2udc